Big Ten College Sports Logos - Sudden Death - Statistics

General Stats
  • This quiz has been taken 15,433 times
  • The average score is 12 of 18
Answers on the Grid
Answers color-coded by a green-red scale on the quiz's grid according to % correct below.
 
Answer Stats
Answer % Correct
Ohio State
83%
Michigan
80%
Michigan State
75%
Indiana
72%
Iowa
71%
Purdue
71%
Illinois
70%
UCLA
70%
Penn State
69%
Wisconsin
69%
Minnesota
67%
Nebraska
67%
Northwestern
65%
Washington
65%
Oregon
65%
USC
64%
Rutgers
63%
Maryland
61%
No matching quizzes found
Score Distribution
Percent of People with Each Score
Percentile by Number Answered
Your Score History
You have not taken this quiz